LIBRARY & INFORMATION CENTRE, KCAET, TAVANUR

ONLINE PUBLIC ACCESS CATALOGUE (OPAC)

Experiments in general chemistry / (Record no. 9556)

MARC details
000 -LEADER
fixed length control field 00452cam a2200181ua 4500
041 ## - LANGUAGE CODE
Language code of text/sound track or separate title eng
082 ## - DEWEY DECIMAL CLASSIFICATION NUMBER
Classification number 542.1
Item number RAO/EX
100 ## - MAIN ENTRY--AUTHOR NAME
Personal name Rao, C N R .
245 ## - TITLE STATEMENT
Title Experiments in general chemistry /
250 ## - EDITION STATEMENT
Edition statement 1 /
260 ## - PUBLICATION, DISTRIBUTION, ETC. (IMPRINT)
Place of publication New Delhi :
Name of publisher Affiliated East West Press Pvt Ltd ,
Year of publication 1967.
300 ## - PHYSICAL DESCRIPTION
Number of Pages 222 ; .
942 ## - ADDED ENTRY ELEMENTS (KOHA)
Koha item type Books
Holdings
Withdrawn status Lost status Damaged status Home library Current library Date acquired Full call number Accession Number Koha item type
      KAUAET KAUAET 07/04/2012 542.1 RAO/EX 10782 Books
free website counter